| 000 | 01001cam a22002175 4500 | ||
|---|---|---|---|
| 001 | L157732 | ||
| 008 | 130419s2012 d s 000 0 eng u | ||
| 035 | _a(Sirsi) u157732 | ||
| 041 | 0 | _aeng | |
| 110 | 2 |
_aRoyal Institution of Chartered Surveyors _94900 |
|
| 245 | 0 | 0 |
_aContracts in use _ba survey of building contracts in use during 2010 _h[electronic resource] |
| 250 | _a12th ed. | ||
| 260 |
_aLondon _bRICS _c2012 |
||
| 490 | 0 |
_aContracts in Use _v2012 |
|
| 520 | _aAnalyses trends in the use of standard forms of contract and procurement in the UK in 2010 for both new build and refurbishment work. The sample was taken from private practices and public authorities employing chartered quantity surveyors. Work carried out outside the UK is excluded. | ||
| 521 | _aAdvanced | ||
| 651 | 4 |
_aUnited Kingdom _y |
|
| 690 |
_aContracts _96232 |
||
| 856 | 4 | 8 |
_uhttps://www.rics.org/Global/CONTRACTS%20IN%20USE_FINAL_%20Nov2012_%20lteage_081112.pdf _zView this research at www.rics.org |
| 942 | _n0 | ||
| 999 |
_c114940 _d114940 |
||